01403nam a2200337 a 4500001001000000003000900010005001700019008003600036020001800072040002500090082002900115100003300144245005300177260007200230300002100302490011300323500006400436504007300500504003300573590002600606600006100632650003900693650002900732651005200761700003200813710005400845910001100899942001200910952012600922999001701048000043274DO-SdBNP20230721110245.0140303s 2009 sp 000 0 spa d a9788483470992 aDO-SdBNPbspacBPMSU 4aRD864.08bB742J 20092221 a Bosch, Juan, d1909-20019110aJuan Bosch /cedición de Pablo A. Maríñez. aMadrid :bAgencia Española de Cooperación Internacional,c2009. a273 p. ;c24 cm.0 aAntología del pensamiento político, social y económico de América latina ;aCiencia y humanismo,v24 aIncluye datos biográficos del autor en la contracubierta  aIncluye referencias bibliográficas y notas al pie de las páginas aBibliografía : p. 263- 273 6Inventariado, 2023/VM14aBosch, Juan d1909-2001xPensamiento político y social 4aEnsayos dominicanos vColecciones  aSociología histórica 4aAmérica Latina vAspectos sociopolíticos2 1 aMaríñez, Pablo A.,eed.2 aAgencia Española de Cooperación Internacional avmateo 2ddccBK 00102ddc40708CDaBPMETbBPMETd2023-07-21l0oBPMSU CD RD864.08 B742J 2009pBPMSU23070055r2023-07-21w2023-07-21yBK c14439d14439